Accrual basis of accounting and its measurement principles
Časové rozlíšenie v účtovníctve a IFRS, IAS. Akruálne účtovníctvo. Princípy merania. Rozlíšenie príjmov, výnosov. Princíp porovnania, zjednotenia.
Saved in:
| Main Author: | |
|---|---|
| Format: | Book Chapter |
| Language: | English |
| Subjects: | |
| Tags: |
No Tags, Be the first to tag this record!
|
MARC
| LEADER | 00000nla$a2200000$$$4500 | ||
|---|---|---|---|
| 001 | 0112932 | ||
| 005 | 20240502083300.2 | ||
| 041 | 0 | |a eng | |
| 044 | |a CZ | ||
| 245 | 1 | 0 | |a Accrual basis of accounting and its measurement principles |c Recenzent: Miloš Tumpach |
| 520 | |a Časové rozlíšenie v účtovníctve a IFRS, IAS. Akruálne účtovníctvo. Princípy merania. Rozlíšenie príjmov, výnosov. Princíp porovnania, zjednotenia. | ||
| 610 | 2 | 0 | |a účtovníctvo akruálne |
| 610 | 2 | 0 | |a rozlíšenie časové |
| 610 | 2 | 0 | |a meranie |
| 610 | 2 | 0 | |a IFRS |
| 100 | 1 | |a Kucková, Alena | |